000 00535nam a2200205Ia 4500
003 0100
008 130227s9999 xx 000 0 und d
040 _cARRUPELIB
050 _aKQC572.C85
245 _aCultural transformation and human rights in Africa
260 _aLondon
260 _bZed Books
260 _C2002
300 _a269p.
300 _b 23 cm
650 _bSudan--History--Civil war, 1955-1972
650 _cSudan--History--Civil war, 1983-2005
700 _aAn-Na'im, Abdullahi A. (ed.)
942 _2lcc
_01
999 _c3833
_d3833